Stochastic Systems for Engineers : Modelling, Estimation and Control

Αποθηκεύτηκε σε:
Λεπτομέρειες βιβλιογραφικής εγγραφής
Κύριος συγγραφέας: Borrie, John A. 1937-
Μορφή: Βιβλίο
Γλώσσα:English
Δημοσίευση: New York : Prentice Hall, 1992
Θέματα:
Ετικέτες: Προσθήκη ετικέτας
Δεν υπάρχουν, Καταχωρήστε ετικέτα πρώτοι!

MARC

LEADER 00000nam a2200000 i 4500
001 1/39438
008 950202s1992 eng d
020 |a 0-13-847351-X 
035 |a 1995  |c ΠΑΠΑΔΟΠΟΥΛΟΣ  |l 10041012 
040 |a GR-MY-UA  |b gre  |e aacr 
041 0 |a eng 
082 0 |a 003.7602462 
100 1 |a Borrie, John A.  |d 1937- 
245 1 0 |a Stochastic Systems for Engineers :  |b Modelling, Estimation and Control /  |c John A. Borrie 
260 |a New York :   |b Prentice Hall,   |c 1992 
300 |a 290 p.;  |c 24 cm. 
500 |a Includes index 
650 0 0 |a Engineering mathematics. 
650 0 0 |a Stochastic systems. 
852 |a INST  |b SAMOS  |e 19950202  |h 003.7602462 BOR  |p 005300006046  |q 005300006046  |t BK  |y 0 
909 |a Σ  |b 038677